书目信息 |
| 题名: |
习坎庸言校正
|
|
| 作者: | 罗庸 著 ;杜志勇 校注 | |
| 分册: | ||
| 出版信息: | 北京 北京出版社 2016 |
|
| 页数: | 149页 | |
| 开本: | 21cm | |
| 丛书名: | 大家小书 | |
| 单 册: | ||
| 中图分类: | Z126.27 | |
| 科图分类: | ||
| 主题词: | 国学--guo xue--文集 | |
| 电子资源: | ||
| ISBN: | 978-7-200-12171-1 | |
| 000 | 00986nam0 22002651 450 | |
| 001 | 0115101131 | |
| 005 | 20170415101131.0 | |
| 010 | @a978-7-200-12171-1@dCNY24.00 | |
| 100 | @a20161122d2016 em y0chiy50 ea | |
| 101 | 0 | @achi |
| 102 | @aCN@b110000 | |
| 105 | @ay z 000yy | |
| 106 | @ar | |
| 200 | 1 | @a习坎庸言校正@Axi kan yong yan jiao zheng@f罗庸著@g杜志勇校注 |
| 210 | @a北京@c北京出版社@d2016 | |
| 215 | @a149页@d21cm | |
| 225 | 2 | @a大家小书@Ada jia xiao shu |
| 330 | @a本书除《缘起》和《规约》外,正文分为内、外篇,各八个专题,分十七次讲授。内容包括:勉学、种族、识仁、文化、六艺、质文、诸史、礼乐、九流、乡党、理学、学校、经世、儒侠、文章、风俗。内外篇交叉讲授体现了罗庸先生学术研究一贯的方法:把学术问题放到文化史的背景中讨论。 | |
| 461 | 0 | @12001 @a大家小书 |
| 606 | 0 | @a国学@Aguo xue@j文集 |
| 690 | @aZ126.27@v5 | |
| 701 | 0 | @a罗庸@Aluo yong@4著 |
| 702 | 0 | @a杜志勇@Adu zhi yong@4校注 |
| 801 | 0 | @aCN@bTANGWEI@c20170308 |
| 905 | @b0964831-4@dZ126.27@e122@f4 | |
| 习坎庸言校正/罗庸著/杜志勇校注.-北京:北京出版社,2016 |
| 149页;21cm.-(大家小书) |
| ISBN 978-7-200-12171-1:CNY24.00 |
| 本书除《缘起》和《规约》外,正文分为内、外篇,各八个专题,分十七次讲授。内容包括:勉学、种族、识仁、文化、六艺、质文、诸史、礼乐、九流、乡党、理学、学校、经世、儒侠、文章、风俗。内外篇交叉讲授体现了罗庸先生学术研究一贯的方法:把学术问题放到文化史的背景中讨论。 |
| ● |
| 相关链接 |
|
|
|
|
正题名:习坎庸言校正
索取号:Z126.27/122
 
预约/预借
| 序号 | 登录号 | 条形码 | 馆藏地/架位号 | 状态 | 备注 |
| 1 | 0964831 | 209648318 | 第二样本阅览室/ [索取号:Z126.27/122] | 在馆 | |
| 2 | 0964832 | 209648327 | 第三借阅区/ [索取号:Z126.27/122] | 在馆 | |
| 3 | 0964833 | 209648336 | 第三借阅区/ [索取号:Z126.27/122] | 在馆 | |
| 4 | 0964834 | 209648345 | 第三借阅区/ [索取号:Z126.27/122] | 在馆 |